MARC

LEADER 00000nam0a2200000 4500
001 72737
005 20231101212649.0
035 |a (RuTPU)RU\TPU\book\77565 
090 |a 72737 
100 |a 20050131d1977 km y0rusy50 ca 
101 0 |a rus 
102 |a RU 
105 |a a g 001zy 
200 1 |a Инструментальные стали  |e справочник 
210 |a Москва  |c Металлургия  |d 1977 
215 |a 168 с.  |c ил. 
300 |a Согласовано с Государственной службой стандартных справочных данных 
320 |a Список литературы: с. 164-166. 
606 1 |a Сталь инструментальная  |x Металлография  |2 stltpush  |3 (RuTPU)RU\TPU\subj\56457  |9 74364 
610 1 |a инструментальные стали 
610 1 |a углеродистые стали 
610 1 |a низколегированные стали 
610 1 |a штамповые стали 
610 1 |a холодное деформирование 
610 1 |a горячее деформирование 
610 1 |a быстрорежущие стали 
610 1 |a инструменты 
610 1 |a химический состав 
610 1 |a свойства 
610 1 |a режимы 
610 1 |a термическая обработка 
610 1 |a фазовые превращения 
610 1 |a нагрев 
610 1 |a охлаждение 
610 1 |a справочники 
675 |a 669.14.018.25(035)  |v 3 
801 1 |a RU  |b 63413507  |c 20050131  |g PSBO 
801 2 |a RU  |b 63413507  |c 20201106  |g PSBO 
942 |c BK